| 000 | 01029nam a2200217 i 4500 | ||
|---|---|---|---|
| 001 | 189321 | ||
| 003 | ES-MaACL | ||
| 005 | 20250805063327.0 | ||
| 008 | 190523s1872 sp |||| | spa d | ||
| 100 | 1 |
_aLanderer, José J., _d1841-1922 _9128656 |
|
| 245 | 1 | 0 |
_aMonografía paleontológica del piso áptico de Tortosa, Chert, y Benifazá / _cpor José J. Landerer. |
| 260 |
_aTortosa : _b[s.n.], _c1872 ( _fImp. D. Llasat) |
||
| 300 |
_a55 p., [8] h. de lám. ; _c22 cm. |
||
| 530 | _aDisponible en formato digital. | ||
| 650 | 4 |
_aPaleontología- _zTortosa. _9167090 |
|
| 650 | 4 |
_aPaleontología- _zChert. _9167091 |
|
| 650 | 4 |
_aPaleontología- _zLa Pobla de Benifassà. _9167092 |
|
| 852 |
_aES-MaACL _jB-8926(10) _z.- Legado de Federico de Botella y de Hornos _z.- Encuadernado en un vol. facticio agrupado con el nombre en el lomo: España, geología, memorias y documentos varios 20 al 40 |
||
| 856 |
_uhttp://bdh-rd.bne.es/viewer.vm?id=0000076054&page=1 _zBiblioteca Digital Hispánica |
||
| 999 |
_c189321 _d189321 |
||